000 00618nam a2200193Ia 4500
005 20250508155712.0
008 008 250505s9999 xx 000 0 eng d
037 _aDissertations
040 _aFEDL
_beng
_cFEDL
041 _aeng
_2eng
084 _a155.5, MEH/DI
_qFEDL
100 _aMehta Ramesh Dutt
245 0 _aInvestigation into the adolescents with (I) grade (II) sex (III) economic status of the family and education of the parents
260 _c1971
300 _a153p.
546 _aM.Ed. Dissertation (Delhi University)
942 _cDIS
_h155.5, MEH/DI
999 _c1358869
_d1358869